000 00433nam a2200193Ia 4500
008 210210b1964 xxu||||| |||| 00| 0 eng d
041 _aeng
082 _a511/70
100 _aKRISHNAMURTHY
245 _aText book of algebra
260 _aBombay
_bAsia Publishing House
_c1964
650 _aText
650 _aof
650 _abook
650 _aalgebra
690 _aAlgebra
700 _aVENKATRAMAN R
906 _a007143
999 _c139480
_d139480